000 00667nam a2200253Ia 4500
003 OSt
005 20221007110448.0
006 a|||||r|||| 00| 0
007 ta
008 221006b |||||||| |||| 00| 0 eng d
024 _a21,177
037 _cTextual
040 _aLCO
_cLCO
_beng
041 _2eng
_aeng
082 _aY15.2, M2
100 _aU. Laitha Devi
_9707503
245 0 _aStatus and Employment of Women in India
250 _a1st
260 _aDelhi
_bB.R. Publishing Corporation India
_c1982
300 _a186
650 _aWOMEN
942 _hY15.2, M2
_cTEXL
999 _c1190740
_d1190740